00325nam a2200133Ia 4500008004100000041000800041082001300049100003200062245002000094260003800114300001400152365000700166650001800173210719s1952 xx 000 0 und d aeng a428 HERB aHERZBERG (Max J) and others aBetter english. aBoston.bGinn and Company.,c1952 ax,435bHB cRs aEnglish Usage